000 00283nam a22001217a 4500
008 160209b xxu||||| |||| 00| 0 eng d
020 _a9780135130315
020 _a013513031x
041 _aeng
080 _a343.98
245 _aCriminology Today
_cFrank Schmalleger
942 _2udc
_cBK
999 _c1414
_d1414